01219nab a22002177a 4500999001500000003000400015005001700019008004100036040000700077100002500084245016600109300001200275505036500287505007200652650003500724650002800759650005500787650004200842773010400884942001300988 c5847d5847OSt20260108210852.0190514b xxu||||| |||| 00| 0 spa d cPJ 9971aHerrera, Marisa10aBalance, consolidación y desafíos sobre el embrión no implantado en los primeros 10 años del Código Civil y Comercial de la Nación /cMarisa Herrera. ap. 5-24 aSumario: I. Introducción.— II. Fundamentos elocuentes: el embrión no implantado no es persona.— III. Cese de la criopreservación de embriones.— IV. La mirada de la Corte Federal.— V. Vientos provenientes desde la legislación proyectada.— VI. Un entrecruzamiento novedoso: embrión in vitro y derecho penal.— VII. Breves palabras de cierre. tSi te interesa el texto, comunicate a koha@justierradelfuego.gov.ar 091497aCODIGO CIVIL Y COMERCIAL 09967aDERECHO DE FAMILIA 094292aTÉCNICAS DE REPRODUCCIÓN HUMANA ASISTIDA 096744aCRIOPRESERVACIÓN DE EMBRIONES0 0284493222dBuenos Aires : AbeledoPerrot, 1989-tDerecho de familia. N° 120 - Julio 2025z18511201 2udccANA